| 000 | 00626nam a2200205Ia 4500 | ||
|---|---|---|---|
| 008 | 240729s9999 xx 000 0 und d | ||
| 022 | _a2375-8643 | ||
| 245 | 0 | _aEngaged Management ReView | |
| 260 | _aUnited States | ||
| 260 | _bCase Western Reserve University | ||
| 650 | _a Business | ||
| 650 | _a Commerce | ||
| 650 | _a Industries. Land use. Labor | ||
| 650 | _a Management. Industrial management | Social Sciences | ||
| 650 | _a Personnel management. Employment management | ||
| 650 | _aSocial Sciences | ||
| 856 | _uhttps://doaj.org/toc/601ef5b3da6e4c5fb4efdb1aebae703b | ||
| 942 | _2ddc | ||
| 942 | _cDOAJEJ | ||
| 999 |
_c69919 _d69919 |
||
| 945 |
_a1 _bMadushi Gamage _c1 _dMadushi Gamage |
||